आयेन्द्र शर्मा का हिंदी व्याकरण / (Record no. 211018)
[ view plain ]
| 000 -LEADER | |
|---|---|
| fixed length control field | 00774nam a22001817a 4500 |
| 005 - DATE AND TIME OF LATEST TRANSACTION | |
| control field | 20250421154250.0 |
| 010 ## - LCCN (DPL NO) | |
| LC control number | HIN-129663 |
| 020 ## - INTERNATIONAL STANDARD BOOK NUMBER | |
| Terms of availability | 300.00 |
| International Standard Book Number | 9789380628875 |
| 035 ## - SYSTEM CONTROL NUMBER | |
| System control number | HN-102009 |
| 037 ## - SOURCE OF ACQUISITION | |
| Source of stock number/acquisition | DBAD |
| 082 ## - DEWEY DECIMAL CLASSIFICATION NUMBER | |
| Classification number | 425 |
| Edition number | 1 |
| 100 ## - MAIN ENTRY--PERSONAL NAME | |
| Personal name | शर्मा, सुनीति |
| 245 ## - TITLE STATEMENT | |
| Title | आयेन्द्र शर्मा का हिंदी व्याकरण / |
| Statement of responsibility, etc | सुनीति शर्मा |
| 260 ## - PUBLICATION, DISTRIBUTION, ETC. (IMPRINT) | |
| Place of publication, distribution, etc | दिल्ली |
| Name of publisher, distributor, etc | जनवाणी प्रकाशन प्रा. लि. |
| Date of publication, distribution, etc | 2020 |
| 270 ## - ADDRESS | |
| Address | 30/ 35-36, गली नं. 9, विश्वास नगर |
| City | दिल्ली |
| Postal code | 110032 |
| 300 ## - PHYSICAL DESCRIPTION | |
| Extent | 104 पृ. |
| Dimensions | 22 से.मी. (सजिल्द) |
| 942 ## - ADDED ENTRY ELEMENTS (KOHA) | |
| Source of classification or shelving scheme | Dewey Decimal Classification |
| Item type | Hindi Books |
| Classification part | 425 |
| Call number suffix | शर्मासु |
| Withdrawn status | Lost status | Not for loan | Collection code | Home library | Current library | Date acquired | Source of acquisition | Cost, normal purchase price | Full call number | Barcode | Copy number | Cost, replacement price | Koha item type |
|---|---|---|---|---|---|---|---|---|---|---|---|---|---|
| D.B.Act.Division | D.B.Act.Division | 21/04/2025 | 425 शर्मासु | Hindi Books | |||||||||
| Non-fiction | Patel Nagar | Patel Nagar | 21/04/2025 | DBAD | 300.00 | 425 शर्मा | HN-102009 | 1 | 300.00 | Hindi Books |
